| 000 | 00432nam a2200169Ia 4500 | ||
|---|---|---|---|
| 008 | 180424s9999 xx 000 0 und d | ||
| 084 | _a301.44 N1 | ||
| 100 | _a"Kumar Dutt, Nripendra" | ||
| 245 | 0 | _aOrigin and Growth Caste in Indiaia | |
| 250 | _a\\196500ENGGPCX | ||
| 260 | _aFirma K L Mukhopadhyay | ||
| 260 | _b1965 | ||
| 260 | _cCalcutta | ||
| 300 | _a169+vip | ||
| 500 | _aincludes index and biblioraphy | ||
| 942 | _cBK | ||
| 999 |
_c24111 _d24111 |
||